00474nam a22001577a 45000050016000000100014000160200025000300350013000550370013000680820011000811000021000922450044001132600064001572700066002213000029002872010081100170.0 aENG-99633 a9788172085865c20.00 aEN-83165 bDBAD/PUB a230.35 aMohan, T. R. Sai aLeela Mohana Sai /cby T. R. Sai Mohan aAndhra PradeshbSathya Sai Books & Publications Trustc2008 aPrasanthi Nilayam Anantapur District,bAndhra Pradeshe515134 axx86p.:billc21cm (pbk)